Records dans le football - Statistiques

Statistiques générales
  • Ce quiz a été pris 388 fois
  • Le résultat moyen est 8 sur 12
Statistiques - réponses
Hint Réponse % Correct
Plus grand nombre de ballons d'or (8) Lionel Messi
100%
Plus grand nombre de but sur une année civile (91) Lionel Messi
100%
Qui à gagné le plus grand nombre de trophées durant sa carrière Lionel Messi
100%
Qui a marqué le plus grand nombre de but sur unecampagne de ligue des champions (17) Cristiano Ronaldo
97%
Qui à marqué le plus de but pour sa sélection national (130) Cristiano Ronaldo
97%
Quintuplé le plus rapide de l'histoire (9 min) Lewandowski
94%
Quelle équipe a eu 97 points mais n'a pas gagné la premiere league Liverpool
87%
Qui détient le record de coup franc marqué (77) Juninho
75%
Qui est le joueur qui a marqué le plus grand nombre de triplé (92) Pelé
47%
Triplé le plus rapide de l'histoire (2 min) Sadio Mané
25%
Plus grand nombre de carton jaune sur une saison (28 sur 38matchs) Sergio Ramos
17%
Quelles sont les deux seuls joueurs a avoir marqué à chaque minutes (de 1 à 90) Cristiano Ronaldo & Zlatan Ibrahimovic
6%
Aucun quiz correspondant
Distribution des résultats
% des personnes avec chaque résultat
Percentile par nombre de réponses
Votre historique - résultats
Vous n’avez pas pris ce quiz